[Event "FIDE World Blitz-ch Women 2018"]
[Site "St. Petersburg"]
[Date "2018.12.30"]
[Round "15.61"]
[White "Utiatskaja, Irina"]
[Black "Stetsko, Lanita"]
[Result "1-0"]
[WhiteElo "2246"]
[BlackElo "2194"]
[Annotator "NA"]
[PlyCount "79"]
[EventDate "2018.12.19"]
[EventType "swiss"]
[EventCountry "RUS"]
[SourceTitle "playchess.com"]
[Source "ChessBase"]
[SourceQuality "1"]

1. e4 e5 2. Bc4 c6 3. Nf3 d6 4. O-O Nf6 5. Re1 Be7 6. d4 Nbd7 7. a4 b6 8. b3 O-O 9. Bb2 Qc7 10. Nbd2 Bb7 11. Nf1 a6 12. Ng3 b5 13. Nf5 Rfe8 14. Nxe7+ Rxe7 15. Bf1 Ree8 16. dxe5 dxe5 17. Nh4 Nc5 18. Qf3 Ncxe4 19. Rxe4 c5 20. Bd3 c4 21. bxc4 bxc4 22. Rxc4 Qxc4 23. Bxc4 Bxf3 24. Nxf3 Rec8 25. Nxe5 Kf8 26. Ba3+ Ke8 27. Bxf7+ Kd8 28. Rd1+ Kc7 29. c4 Rd8 30. Bd5 Nxd5 31. cxd5 Re8 32. d6+ Kb6 33. Nf7 Rf8 34. d7 Rxf7 35. d8=Q+ Rxd8 36. Rxd8 Rc7 37. g3 Ka5 38. Rd4 Rc2 39. Bd6 Ra2 40. Bc7# 1-0

[Event "FIDE World Blitz-ch Women 2018"]
[Site "St. Petersburg"]
[Date "2018.12.30"]
[Round "15.62"]
[White "Kosteniuk, Oksana"]
[Black "Tevzadze, Mariam"]
[Result "0-1"]
[WhiteElo "2096"]
[BlackElo "1967"]
[Annotator "NA"]
[PlyCount "120"]
[EventDate "2018.12.19"]
[EventType "swiss"]
[EventCountry "RUS"]
[SourceTitle "playchess.com"]
[Source "ChessBase"]
[SourceQuality "1"]

1. Nf3 f5 2. g3 Nf6 3. Bg2 g6 4. d3 Bg7 5. c3 d6 6. O-O e5 7. Nbd2 O-O 8. e4 Nc6 9. Qc2 a6 10. Nb3 h6 11. Nh4 Kh7 12. f4 fxe4 13. dxe4 Bd7 14. f5 g5 15. Nf3 Qe7 16. Bd2 Nd8 17. c4 Bc6 18. Ne1 Nf7 19. Na5 Rab8 20. Nxc6 bxc6 21. b3 c5 22. Ba5 h5 23. Qe2 g4 24. Bd2 Bh6 25. Nc2 Rh8 26. Be3 Kg7 27. Qd2 h4 28. Rfd1 hxg3 29. hxg3 Nh5 30. Kf2 Bxe3+ 31. Nxe3 Nxg3 32. Nd5 Qh4 33. Ke3 Nxf5+ 34. exf5 Qg3+ 35. Ke2 Qxg2+ 36. Kd3 Qf3+ 37. Kc2 Qxf5+ 38. Qd3 Rh2+ 39. Rd2 Qxd3+ 40. Kxd3 Rxd2+ 41. Kxd2 c6 42. Nc7 Rh8 43. Rg1 Rh4 44. Ke3 Kg6 45. Nxa6 Rh3+ 46. Kf2 Kg5 47. Nb8 Rh2+ 48. Ke3 Nh6 49. Nxc6 Nf5+ 50. Ke4 Re2+ 51. Kd5 Rd2+ 52. Ke6 g3 53. Nd8 Kg4 54. Nf7 g2 55. Kf6 Nh4 56. Nh6+ Kg3 57. Nf5+ Nxf5 58. Kxf5 Kh2 59. Ra1 Rf2+ 60. Ke6 Rf1 0-1

[Event "FIDE World Blitz-ch Women 2018"]
[Site "St. Petersburg"]
[Date "2018.12.30"]
[Round "16.1"]
[White "Lagno, Kateryna"]
[Black "Gaponenko, Inna"]
[Result "1-0"]
[WhiteElo "2560"]
[BlackElo "2420"]
[Annotator "ChessBase"]
[PlyCount "85"]
[EventDate "2018.12.19"]
[EventType "swiss"]
[EventCountry "RUS"]
[SourceTitle "playchess.com"]
[Source "ChessBase"]
[SourceQuality "1"]

1. e4 c5 2. Nf3 g6 3. d4 cxd4 4. Qxd4 Nf6 5. Nc3 Nc6 6. Qa4 d6 7. e5 dxe5 8. Nxe5 Bd7 9. Nxd7 Qxd7 10. Be2 Bg7 11. Be3 O-O 12. O-O a6 13. Bb6 Ne5 14. Rfd1 Qxa4 15. Nxa4 Rac8 16. Bd4 Rxc2 17. Bf1 Nc6 18. Bc3 b5 19. Bd3 Rxc3 20. Nxc3 Nb4 21. Be2 Rc8 22. a4 bxa4 23. Rxa4 Rb8 24. g3 h5 25. Bc4 Ne8 26. Bxa6 Nxa6 27. Rxa6 Rxb2 28. Ra8 Bxc3 29. Rxe8+ Kg7 30. Rxe7 Rb6 31. Kg2 Rf6 32. f4 h4 33. Rd5 hxg3 34. hxg3 Bb4 35. Rb7 Bc3 36. Kf3 Be1 37. g4 Bh4 38. g5 Rf5 39. Rxf5 gxf5 40. Rb5 Kg6 41. Rb6+ f6 42. Rxf6+ Kg7 43. Rxf5 1-0

[Event "FIDE World Blitz-ch Women 2018"]
[Site "St. Petersburg"]
[Date "2018.12.30"]
[Round "16.2"]
[White "Lei, Tingjie"]
[Black "Paehtz, Elisabeth"]
[Result "1-0"]
[WhiteElo "2453"]
[BlackElo "2487"]
[Annotator "TA"]
[PlyCount "145"]
[EventDate "2018.12.19"]
[EventType "swiss"]
[EventCountry "RUS"]
[SourceTitle "playchess.com"]
[Source "ChessBase"]
[SourceQuality "1"]

1. e4 c5 2. Nf3 d6 3. d4 cxd4 4. Nxd4 Nf6 5. Nc3 a6 6. f3 e5 7. Nb3 Be6 8. Be3 Nbd7 9. Qd2 h5 10. Nd5 Bxd5 11. exd5 Qc7 12. O-O-O g6 13. Kb1 Bg7 14. Be2 a5 15. a4 O-O 16. Bb5 Nb6 17. Bxb6 Qxb6 18. h4 e4 19. Rhf1 exf3 20. Rxf3 Ng4 21. Qf4 Be5 22. Qg5 Bg7 23. Qd2 Ne5 24. Rff1 Rfc8 25. Qf4 Rc7 26. Rde1 Rac8 27. c3 Re7 28. Re4 Qc7 29. Nd4 Qc5 30. Qg5 Rcc7 31. Nc2 Qxd5 32. Rfe1 Qc5 33. Nd4 Kh7 34. Nc2 Bh6 35. Qf6 Bg7 36. Qg5 Qd5 37. g4 Bh6 38. Qf6 hxg4 39. h5 g5 40. Qf5+ Kg8 41. Ne3 Qe6 42. Qxe6 fxe6 43. Nxg4 Nxg4 44. Rxg4 e5 45. Bc4+ Kg7 46. Bd5 Rc8 47. Kc2 Rf8 48. b4 Rf2+ 49. Kb3 axb4 50. cxb4 Rf4 51. Re4 Rc7 52. a5 Kf6 53. b5 Kf5 54. Rgxf4+ gxf4 55. a6 bxa6 56. bxa6 Ra7 57. Ra4 Bg5 58. Bb7 Bd8 59. Kc3 Bb6 60. Kd3 Bc5 61. Be4+ Kg5 62. Bf3 Rc7 63. Ke4 Ba7 64. Kd5 Bc5 65. Ke6 Rh7 66. Rc4 Ra7 67. Ra4 Rc7 68. Ra2 Ra7 69. Rg2+ Kh4 70. h6 Kh3 71. Rg7 Rxa6 72. h7 Ra8 73. Bxa8 1-0

[Event "FIDE World Blitz-ch Women 2018"]
[Site "St. Petersburg"]
[Date "2018.12.30"]
[Round "16.3"]
[White "Ushenina, Anna"]
[Black "Khademalsharieh, Sarasadat"]
[Result "1/2-1/2"]
[WhiteElo "2440"]
[BlackElo "2470"]
[Annotator "ChessBase"]
[PlyCount "55"]
[EventDate "2018.12.19"]
[EventType "swiss"]
[EventCountry "RUS"]
[SourceTitle "playchess.com"]
[Source "ChessBase"]
[SourceQuality "1"]

1. d4 Nf6 2. Nf3 d5 3. Bf4 c5 4. e3 Nc6 5. Nbd2 cxd4 6. exd4 Bf5 7. Bb5 Qb6 8. c4 dxc4 9. a4 e6 10. O-O Be7 11. Nxc4 Qd8 12. Nfe5 Be4 13. Nxc6 Bxc6 14. Bxc6+ bxc6 15. a5 O-O 16. a6 Qd5 17. Ne5 Rab8 18. Qc2 Rb6 19. Be3 Rfb8 20. Nc4 Rb4 21. Rfc1 Ng4 22. Bd2 R4b5 23. h3 Nf6 24. Bf4 Rd8 25. Be3 Rdb8 26. Bf4 Rd8 27. Be3 Rdb8 28. Bf4 1/2-1/2

[Event "FIDE World Blitz-ch Women 2018"]
[Site "St. Petersburg"]
[Date "2018.12.30"]
[Round "16.4"]
[White "Garifullina, Leya"]
[Black "Gunina, Valentina"]
[Result "0-1"]
[WhiteElo "2132"]
[BlackElo "2496"]
[Annotator "ChessBase"]
[PlyCount "78"]
[EventDate "2018.12.19"]
[EventType "swiss"]
[EventCountry "RUS"]
[SourceTitle "playchess.com"]
[Source "ChessBase"]
[SourceQuality "1"]

1. e4 c6 2. d4 d5 3. e5 Bf5 4. h4 h6 5. g4 Bd7 6. h5 c5 7. c3 Nc6 8. f3 e6 9. Be3 Qb6 10. Qd2 f6 11. f4 fxe5 12. fxe5 O-O-O 13. Nf3 Kb8 14. Kf2 Be7 15. Kg3 Be8 16. a3 g6 17. hxg6 Bxg6 18. b4 cxd4 19. cxd4 h5 20. b5 Na5 21. Qb2 Rh7 22. g5 Be4 23. Rh4 Bxf3 24. Kxf3 Rf7+ 25. Kg2 Rg7 26. Rxh5 Rf8 27. Nd2 Qd8 28. Nf3 Qe8 29. Rh3 Qg6 30. Rg3 Nh6 31. Qc3 Nf5 32. Bd3 Nxe3+ 33. Kf2 Qh5 34. Kxe3 Bxg5+ 35. Ke2 Bh6 36. Rxg7 Qxf3+ 37. Ke1 Bxg7 38. Qxa5 Qxd3 39. Qd2 Rf1# 0-1

[Event "FIDE World Blitz-ch Women 2018"]
[Site "St. Petersburg"]
[Date "2018.12.30"]
[Round "16.5"]
[White "Javakhishvili, Lela"]
[Black "Ju, Wenjun"]
[Result "1/2-1/2"]
[WhiteElo "2464"]
[BlackElo "2575"]
[Annotator "TA"]
[PlyCount "148"]
[EventDate "2018.12.19"]
[EventType "swiss"]
[EventCountry "RUS"]
[SourceTitle "playchess.com"]
[Source "ChessBase"]
[SourceQuality "1"]

1. d4 Nf6 2. c4 e6 3. Nf3 d5 4. g3 Bb4+ 5. Bd2 Be7 6. Bg2 O-O 7. O-O c6 8. Qc2 b6 9. Bf4 Bb7 10. Rd1 Nbd7 11. Nc3 dxc4 12. Ne5 Nd5 13. Nxc4 Nxf4 14. gxf4 g6 15. Ne5 Rc8 16. Rac1 Nf6 17. e3 Nd5 18. Qa4 a6 19. Qb3 a5 20. Nxd5 exd5 21. Bh3 Rb8 22. Nxc6 Bxc6 23. Rxc6 Rb7 24. Bg2 Rd7 25. Qxb6 Qxb6 26. Rxb6 Rc8 27. Rb5 Rc2 28. Bxd5 Bh4 29. Rf1 Rdc7 30. Kg2 Rd2 31. Be4 Re7 32. Kf3 a4 33. Rb4 f5 34. Bd5+ Kg7 35. Rxa4 Rxb2 36. Bb3 h6 37. Ra5 Rc7 38. Rc5 Ra7 39. d5 Rd2 40. Rc6 Be7 41. Rfc1 Bh4 42. R1c2 Rxc2 43. Rxc2 Be7 44. Rc6 Ba3 45. Ke2 Rd7 46. Kd3 Be7 47. Kc4 Bh4 48. f3 Re7 49. Kd3 Bf2 50. e4 fxe4+ 51. fxe4 Rf7 52. d6 Rxf4 53. d7 Bh4 54. Rc8 Rf8 55. a4 Bd8 56. Kd4 Kf6 57. Kd5 Ke7 58. Rc6 Kxd7 59. Rxg6 Rf3 60. Bc4 Rh3 61. Bb5+ Kc7 62. Rg7+ Kb6 63. Rg6+ Kb7 64. Rg2 Bc7 65. e5 Re3 66. Bc6+ Kb8 67. Rg8+ Ka7 68. Re8 Kb6 69. Bd7 Rd3+ 70. Ke6 Bxe5 71. Kxe5 Rxd7 72. Ra8 Rd2 73. h4 Rh2 74. Kf4 Rh1 1/2-1/2

[Event "FIDE World Blitz-ch Women 2018"]
[Site "St. Petersburg"]
[Date "2018.12.30"]
[Round "16.6"]
[White "Khotenashvili, Bela"]
[Black "Muzychuk, Anna"]
[Result "1/2-1/2"]
[WhiteElo "2479"]
[BlackElo "2569"]
[Annotator "TA"]
[PlyCount "120"]
[EventDate "2018.12.19"]
[EventType "swiss"]
[EventCountry "RUS"]
[SourceTitle "playchess.com"]
[Source "ChessBase"]
[SourceQuality "1"]

1. d4 f5 2. c4 Nf6 3. Nc3 d6 4. g3 g6 5. Bg2 Bg7 6. Nh3 O-O 7. Nf4 c6 8. d5 e5 9. dxe6 Qe7 10. O-O Na6 11. Qc2 Nc5 12. Re1 Bxe6 13. Nxe6 Qxe6 14. b4 Nce4 15. Nxe4 Nxe4 16. Rb1 Rae8 17. Bb2 Bxb2 18. Rxb2 f4 19. Bxe4 Qxe4 20. Qxe4 Rxe4 21. Rc2 Rfe8 22. f3 Rd4 23. Kf2 g5 24. Rg1 Kf7 25. gxf4 gxf4 26. Rg4 Rg8 27. Rxg8 Kxg8 28. e3 fxe3+ 29. Kxe3 c5 30. b5 Kf7 31. a4 Ke6 32. a5 Rh4 33. a6 bxa6 34. bxa6 h5 35. Kd3 Rd4+ 36. Ke3 Rd1 37. Rg2 Ra1 38. Rg6+ Kf5 39. Rxd6 Ra3+ 40. Kf2 Kf4 41. Rf6+ Ke5 42. Rh6 Kd4 43. Rxh5 Kxc4 44. Rh7 Rxa6 45. h4 Kb3 46. Rb7+ Kc3 47. Rc7 c4 48. Kg3 Rg6+ 49. Kf4 Kd3 50. Rxa7 c3 51. Rd7+ Ke2 52. Rc7 Kd2 53. h5 Rg1 54. h6 Rh1 55. Kg5 Rg1+ 56. Kf6 Rf1 57. Kg6 Rxf3 58. h7 Rh3 59. Kg7 c2 60. Rxc2+ Kxc2 1/2-1/2

[Event "FIDE World Blitz-ch Women 2018"]
[Site "St. Petersburg"]
[Date "2018.12.30"]
[Round "16.7"]
[White "Mammadzada, Gunay"]
[Black "Stefanova, Antoaneta"]
[Result "1/2-1/2"]
[WhiteElo "2422"]
[BlackElo "2486"]
[Annotator "ChessBase"]
[PlyCount "120"]
[EventDate "2018.12.19"]
[EventType "swiss"]
[EventCountry "RUS"]
[SourceTitle "playchess.com"]
[Source "ChessBase"]
[SourceQuality "1"]

1. e4 c6 2. d4 d5 3. Nc3 dxe4 4. Nxe4 Nf6 5. Nxf6+ exf6 6. c3 Bd6 7. Bd3 O-O 8. Qc2 Re8+ 9. Ne2 h5 10. Be3 Nd7 11. O-O Nf8 12. Rfe1 Qc7 13. h3 h4 14. c4 Qd8 15. Qd2 a5 16. Bf4 Ne6 17. Bxd6 Qxd6 18. d5 cxd5 19. cxd5 Nc5 20. Nc3 Bd7 21. Bb5 f5 22. Qd4 f4 23. Bxd7 Nxd7 24. Nb5 Qb4 25. Rxe8+ Rxe8 26. Qxb4 axb4 27. Kf1 Ra8 28. a4 bxa3 29. Rxa3 Rc8 30. Rc3 Rc5 31. Rxc5 Nxc5 32. Ke2 Kf8 33. Kf3 g5 34. Kg4 f6 35. d6 Ke8 36. Kf5 Kd7 37. Kxf6 Ne4+ 38. Kf5 Nxf2 39. Kxg5 f3 40. gxf3 Nxh3+ 41. Kxh4 Nf4 42. Kg4 Nd3 43. b3 Kc6 44. Nd4+ Kxd6 45. f4 Kd5 46. Nb5 Kc5 47. Nc3 Kb4 48. Nd5+ Kxb3 49. f5 Kc4 50. Nb6+ Kc5 51. Na4+ Kd6 52. Kg5 b5 53. Nc3 b4 54. Nb1 Ke7 55. Kg4 Kf6 56. Nd2 Nc5 57. Kf4 Nd3+ 58. Ke4 Nf2+ 59. Kd4 Kxf5 60. Kc4 Ke5 1/2-1/2

[Event "FIDE World Blitz-ch Women 2018"]
[Site "St. Petersburg"]
[Date "2018.12.30"]
[Round "16.8"]
[White "Arabidze, Meri"]
[Black "Tan, Zhongyi"]
[Result "0-1"]
[WhiteElo "2387"]
[BlackElo "2508"]
[Annotator "TA"]
[PlyCount "82"]
[EventDate "2018.12.19"]
[EventType "swiss"]
[EventCountry "RUS"]
[SourceTitle "playchess.com"]
[Source "ChessBase"]
[SourceQuality "1"]

1. Nf3 Nf6 2. e3 g6 3. b3 Bg7 4. Bb2 O-O 5. c4 d6 6. Be2 e5 7. d3 Nbd7 8. O-O Re8 9. Nc3 c6 10. Rc1 a6 11. e4 Nc5 12. Re1 a5 13. Bf1 Ne6 14. g3 h5 15. Bg2 Bh6 16. Rb1 c5 17. a3 Nd4 18. Nxd4 cxd4 19. Nd5 Kg7 20. Bc1 Bxc1 21. Rxc1 Be6 22. Nxf6 Qxf6 23. f4 h4 24. Rf1 hxg3 25. hxg3 Rh8 26. f5 Bd7 27. Qd2 b6 28. Rf2 Rh6 29. Rcf1 gxf5 30. exf5 Rah8 31. Be4 Kf8 32. b4 Rh3 33. Rg2 Qg7 34. Rf3 Qg4 35. f6 Rh1+ 36. Kf2 R8h2 37. Rf5 Bxf5 38. Bf3 Rxg2+ 39. Bxg2 Qd1 40. Qg5 Qc2+ 41. Kf3 Qxd3+ 0-1

[Event "FIDE World Blitz-ch Women 2018"]
[Site "St. Petersburg"]
[Date "2018.12.30"]
[Round "16.9"]
[White "Harika, Dronavalli"]
[Black "Galliamova, Alisa"]
[Result "1/2-1/2"]
[WhiteElo "2494"]
[BlackElo "2444"]
[Annotator "TA"]
[PlyCount "103"]
[EventDate "2018.12.19"]
[EventType "swiss"]
[EventCountry "RUS"]
[SourceTitle "playchess.com"]
[Source "ChessBase"]
[SourceQuality "1"]

1. d4 d5 2. Bg5 Nf6 3. e3 e6 4. Nd2 Be7 5. Bd3 O-O 6. c3 b6 7. Qe2 Bb7 8. f4 c5 9. Ngf3 Nbd7 10. O-O Ne4 11. Bxe7 Qxe7 12. Ne5 Nxd2 13. Qxd2 f6 14. Nxd7 Qxd7 15. Qe2 Qe7 16. dxc5 Qxc5 17. Kh1 e5 18. Bf5 Bc8 19. Bc2 Bd7 20. Qh5 e4 21. Bb3 Be6 22. Qe2 b5 23. Rfd1 a5 24. a3 Rfd8 25. Rd4 Rd6 26. h3 Rad8 27. Qd2 Qc6 28. a4 Rb8 29. Ra2 Qc5 30. Kh2 Qc6 31. axb5 Qxb5 32. Ra3 Qc5 33. Rda4 Rb5 34. Qd4 Qxd4 35. cxd4 Rdb6 36. Bd1 Rxb2 37. Rxa5 Rd2 38. Bh5 g6 39. Bg4 Bxg4 40. hxg4 Rbb2 41. Ra8+ Kg7 42. R3a7+ Kh6 43. Rh8 Rxg2+ 44. Kh1 Rh2+ 45. Kg1 Rhg2+ 46. Kf1 Rgf2+ 47. Ke1 Rfe2+ 48. Kd1 Red2+ 49. Kc1 Rdc2+ 50. Kd1 Rd2+ 51. Kc1 Rdc2+ 52. Kd1 1/2-1/2

[Event "FIDE World Blitz-ch Women 2018"]
[Site "St. Petersburg"]
[Date "2018.12.30"]
[Round "16.10"]
[White "Shuvalova, Polina"]
[Black "Goryachkina, Aleksandra"]
[Result "0-1"]
[WhiteElo "2441"]
[BlackElo "2518"]
[Annotator "ChessBase"]
[PlyCount "182"]
[EventDate "2018.12.19"]
[EventType "swiss"]
[EventCountry "RUS"]
[SourceTitle "playchess.com"]
[Source "ChessBase"]
[SourceQuality "1"]

1. e4 c6 2. d4 d5 3. exd5 cxd5 4. Bd3 Nc6 5. c3 Nf6 6. Bf4 Bg4 7. Qb3 Qd7 8. Nd2 e6 9. Ngf3 Bd6 10. Bxd6 Qxd6 11. O-O O-O 12. Rae1 Bxf3 13. Nxf3 Nd7 14. Qc2 h6 15. Re3 Rfc8 16. Qd2 Na5 17. Rfe1 Nc4 18. Bxc4 dxc4 19. Ne5 Nxe5 20. Rxe5 Rd8 21. Qe2 Rac8 22. h3 Qc6 23. Qh5 Qb6 24. Rb5 Qa6 25. Ra5 Qb6 26. Rb5 Qa6 27. Ra5 Qb6 28. Re2 Rc6 29. Rae5 Rcd6 30. Qh4 Rd5 31. Qe4 Rxe5 32. Qxe5 Qd6 33. Qe4 Qd5 34. Qg4 Qb5 35. Qh4 Rd5 36. Qe7 a6 37. a3 Qd7 38. Qh4 Qd8 39. Qf4 b5 40. Re3 Qd6 41. Qh4 Qd8 42. Qg4 Rg5 43. Qf4 Rf5 44. Qe4 Qd5 45. f3 Qd6 46. Qa8+ Kh7 47. Re4 Rg5 48. Qb7 Qg3 49. Rg4 Rxg4 50. fxg4 Qe3+ 51. Kh2 Qf4+ 52. Kg1 Qc1+ 53. Kh2 Qxb2 54. Qxf7 Qxc3 55. Qxe6 Qxd4 56. Qf5+ Kg8 57. Qe6+ Kf8 58. Qc8+ Ke7 59. Qb7+ Qd7 60. Qe4+ Qe6 61. Qb7+ Kf6 62. Qf3+ Kg6 63. h4 Qd6+ 64. g3 Qd2+ 65. Kh3 Qd3 66. Qc6+ Kh7 67. g5 hxg5 68. hxg5 Qf5+ 69. Kh4 Qg6 70. Qc5 Qb1 71. Qc6 Qg6 72. Qc5 Qe4+ 73. Kh3 Qh1+ 74. Kg4 Qe4+ 75. Kh3 Qd3 76. Qc6 c3 77. g6+ Qxg6 78. Qxc3 Qf5+ 79. Kg2 Qe4+ 80. Kh3 Qe6+ 81. Kg2 Qd5+ 82. Kh3 Qc4 83. Qe3 Qc8+ 84. Kg2 Qf5 85. Qc3 Qe4+ 86. Kh2 Qe2+ 87. Kh3 Qc4 88. Qe3 a5 89. Qf3 Qe6+ 90. Kh2 b4 91. Qh5+ Qh6 0-1

[Event "FIDE World Blitz-ch Women 2018"]
[Site "St. Petersburg"]
[Date "2018.12.30"]
[Round "16.11"]
[White "Bodnaruk, Anastasia"]
[Black "Cramling, Pia"]
[Result "1-0"]
[WhiteElo "2420"]
[BlackElo "2465"]
[Annotator "TA"]
[PlyCount "68"]
[EventDate "2018.12.19"]
[EventType "swiss"]
[EventCountry "RUS"]
[SourceTitle "playchess.com"]
[Source "ChessBase"]
[SourceQuality "1"]

1. e4 c5 2. Nf3 a6 3. Nc3 e6 4. g3 Nc6 5. d4 cxd4 6. Nxd4 Qc7 7. Bg2 Nf6 8. O-O h5 9. Bg5 Bc5 10. Nxc6 dxc6 11. Qe2 e5 12. h3 Be6 13. Nd1 Nd7 14. Be3 f6 15. c3 a5 16. f4 O-O-O 17. a4 Kb8 18. b4 axb4 19. cxb4 Bxb4 20. Nb2 Nc5 21. Nc4 Qf7 22. Nb6 Nb3 23. Rab1 Bc5 24. Rxb3 Bxb3 25. Bxc5 h4 26. fxe5 hxg3 27. a5 Be6 28. a6 Bxh3 29. a7+ Kc7 30. a8=R Bxg2 31. Qxg2 Rxa8 32. Nxa8+ Rxa8 33. exf6 Qg6 34. f7 Qg5 1-0

[Event "FIDE World Blitz-ch Women 2018"]
[Site "St. Petersburg"]
[Date "2018.12.30"]
[Round "16.12"]
[White "Mamedjarova, Zeinab"]
[Black "Koneru, Humpy"]
[Result "1-0"]
[WhiteElo "2338"]
[BlackElo "2541"]
[Annotator "TA"]
[PlyCount "79"]
[EventDate "2018.12.19"]
[EventType "swiss"]
[EventCountry "RUS"]
[SourceTitle "playchess.com"]
[Source "ChessBase"]
[SourceQuality "1"]

1. d4 Nf6 2. Nf3 e6 3. e3 b6 4. Bd3 Bb7 5. Nbd2 d5 6. O-O Bd6 7. b3 O-O 8. Bb2 Nbd7 9. c4 Ne4 10. Ne5 Nxd2 11. Qxd2 Bxe5 12. dxe5 Nc5 13. Be2 dxc4 14. Qxd8 Rfxd8 15. Bxc4 Bd5 16. Be2 a5 17. Rfd1 a4 18. b4 a3 19. Bd4 Na4 20. Rdc1 Rdc8 21. Bb5 Kf8 22. Bd7 c5 23. bxc5 bxc5 24. Bxc8 Rxc8 25. f3 Ke8 26. e4 Bb7 27. Rc4 cxd4 28. Rxa4 d3 29. Rd1 Rc3 30. Ra7 Bc6 31. Rd2 Bb5 32. Kf2 g5 33. Ke3 h5 34. g3 Rc1 35. Rxa3 Re1+ 36. Kd4 Rf1 37. Rb2 Rxf3 38. Rxb5 d2 39. Ra8+ Kd7 40. Rb1 1-0

[Event "FIDE World Blitz-ch Women 2018"]
[Site "St. Petersburg"]
[Date "2018.12.30"]
[Round "16.13"]
[White "Nomin-Erdene, Davaademberel"]
[Black "Girya, Olga"]
[Result "0-1"]
[WhiteElo "2376"]
[BlackElo "2454"]
[Annotator "ChessBase"]
[PlyCount "152"]
[EventDate "2018.12.19"]
[EventType "swiss"]
[EventCountry "RUS"]
[SourceTitle "playchess.com"]
[Source "ChessBase"]
[SourceQuality "1"]

1. f4 d5 2. Nf3 g6 3. g3 Bg7 4. Bg2 Nh6 5. d3 O-O 6. O-O c6 7. c3 Nd7 8. Na3 Re8 9. Nc2 e5 10. Nxe5 Nxe5 11. fxe5 Rxe5 12. e4 dxe4 13. dxe4 Qxd1 14. Rxd1 Bg4 15. Rd3 Ree8 16. h3 Be2 17. Rd7 Rad8 18. Rxd8 Rxd8 19. Be3 a6 20. Kf2 Bc4 21. Bf3 Be6 22. g4 Kf8 23. Nd4 Bc8 24. Rd1 Ke8 25. Bf4 Ng8 26. Ke3 Ne7 27. Bc7 Rd7 28. Bf4 c5 29. Nb3 Rxd1 30. Bxd1 c4 31. Nd2 b5 32. a4 Nc6 33. axb5 axb5 34. Bf3 Ne5 35. Bxe5 Bxe5 36. Be2 Ke7 37. Nf3 Kd6 38. Nd4 Bd7 39. Nc2 Bc6 40. Bf3 Bf6 41. Nb4 Bg5+ 42. Ke2 Bd7 43. Kd1 Ke5 44. Nd5 Bd8 45. Ke2 Bc6 46. Nb4 Bb7 47. Nc2 Be7 48. Nd4 b4 49. Nc2 bxc3 50. bxc3 Bxe4 51. Bxe4 Kxe4 52. Ne3 Bf6 53. Nxc4 Bxc3 54. Nd6+ Kf4 55. Nxf7 Bb4 56. Kf2 Bc5+ 57. Kg2 Be7 58. Kf2 Ke4 59. Kg2 Kd5 60. Kf3 Ke6 61. Nh6 Bg5 62. Ng8 Kf7 63. h4 Bc1 64. g5 Kxg8 65. Kg4 Kf7 66. h5 Ke6 67. hxg6 hxg6 68. Kf3 Bxg5 69. Kg4 Bf6 70. Kf4 Kf7 71. Kg4 Be7 72. Kf4 Kf6 73. Kg4 g5 74. Kf3 Kf5 75. Kg3 Bd6+ 76. Kf3 g4+ 0-1

[Event "FIDE World Blitz-ch Women 2018"]
[Site "St. Petersburg"]
[Date "2018.12.30"]
[Round "16.14"]
[White "Mammadova, Gulnar"]
[Black "Drozdova, Dina"]
[Result "1-0"]
[WhiteElo "2368"]
[BlackElo "2178"]
[Annotator "NA"]
[PlyCount "107"]
[EventDate "2018.12.19"]
[EventType "swiss"]
[EventCountry "RUS"]
[SourceTitle "playchess.com"]
[Source "ChessBase"]
[SourceQuality "1"]

1. e4 d6 2. d4 Nf6 3. Nc3 e5 4. Nf3 Nbd7 5. Bc4 Be7 6. a4 O-O 7. O-O c6 8. Ba2 a5 9. h3 exd4 10. Nxd4 Nc5 11. Qf3 Be6 12. Be3 Nfd7 13. Rfd1 Ne5 14. Qe2 Bxa2 15. Rxa2 g6 16. Nxc6 bxc6 17. Bxc5 Qc7 18. Be3 Rfe8 19. Raa1 Rab8 20. b3 Bf8 21. Rd2 Bg7 22. Rad1 Bf8 23. f4 Nd7 24. Qc4 Rb4 25. Qd3 Qc8 26. e5 d5 27. Ne2 Nb8 28. Nd4 Rb7 29. Qf1 Rbe7 30. Re2 Na6 31. Bd2 Nb4 32. Bxb4 axb4 33. Ra1 Rb7 34. Nf3 Bc5+ 35. Kh2 Bf8 36. a5 Ra7 37. Ra4 c5 38. Qd1 Qc6 39. Rd2 d4 40. Re2 Rea8 41. e6 fxe6 42. Ne5 Qd6 43. Nc4 Qxf4+ 44. g3 Qf3 45. Ne5 Qd5 46. Ng4 Bg7 47. Qe1 Rxa5 48. Rxa5 Rxa5 49. Rxe6 h5 50. Rxg6 hxg4 51. Qe8+ Kh7 52. Rxg4 Qe5 53. Rh4+ Bh6 54. Qxe5 1-0

[Event "FIDE World Blitz-ch Women 2018"]
[Site "St. Petersburg"]
[Date "2018.12.30"]
[Round "16.15"]
[White "Vega Gutierrez, Sabrina"]
[Black "Munkhzul, Turmunkh"]
[Result "0-1"]
[WhiteElo "2390"]
[BlackElo "2255"]
[Annotator "NA"]
[PlyCount "102"]
[EventDate "2018.12.19"]
[EventType "swiss"]
[EventCountry "RUS"]
[SourceTitle "playchess.com"]
[Source "ChessBase"]
[SourceQuality "1"]

1. e4 c5 2. Nf3 d6 3. d4 cxd4 4. Qxd4 a6 5. Be2 Nc6 6. Qe3 Nf6 7. O-O g6 8. h3 Bg7 9. c4 O-O 10. Nc3 Be6 11. Rd1 Qc7 12. Bd2 Rac8 13. Rac1 Qb8 14. Nd5 Nd7 15. Bc3 Bxd5 16. Bxg7 Kxg7 17. cxd5 Nce5 18. Nd4 Rxc1 19. Rxc1 Rc8 20. Rxc8 Qxc8 21. f4 Qc5 22. Qc3 Qb6 23. Kf1 Nc5 24. fxe5 dxe5 25. Nb3 Nxe4 26. Qxe5+ Nf6 27. Bf3 Qb4 28. Qd4 Qd6 29. Kg1 b5 30. Qc3 Qg3 31. Nd4 Qd6 32. Ne2 h5 33. Qc6 Qe5 34. Qc3 Qd6 35. a3 Kh7 36. Qd4 a5 37. b4 axb4 38. axb4 Nd7 39. Nc3 Qa6 40. Qd3 Qa1+ 41. Kh2 Ne5 42. Qe3 Nc4 43. Qd4 Nd6 44. Nxb5 Qb1 45. Nxd6 exd6 46. Qf6 Qxb4 47. Qxf7+ Kh6 48. Qf4+ Qxf4+ 49. Kh1 Qe3 50. Kh2 Kg5 51. Kg3 h4+ 0-1

[Event "FIDE World Blitz-ch Women 2018"]
[Site "St. Petersburg"]
[Date "2018.12.30"]
[Round "16.17"]
[White "Dzagnidze, Nana"]
[Black "Charochkina, Daria"]
[Result "0-1"]
[WhiteElo "2513"]
[BlackElo "2344"]
[Annotator "ChessBase"]
[PlyCount "68"]
[EventDate "2018.12.19"]
[EventType "swiss"]
[EventCountry "RUS"]
[SourceTitle "playchess.com"]
[Source "ChessBase"]
[SourceQuality "1"]

1. c4 e5 2. Nc3 Nf6 3. g3 d5 4. cxd5 Nxd5 5. Bg2 Nb6 6. d3 Be7 7. a3 O-O 8. b4 Nc6 9. Nf3 Re8 10. O-O a5 11. b5 Nd4 12. Bb2 Bf8 13. Rc1 a4 14. Nd2 c6 15. bxc6 Nxc6 16. Nce4 Ra5 17. Nc4 Nxc4 18. dxc4 Nd4 19. Nc3 Bd7 20. Nd5 Nb3 21. Rc3 Bc6 22. Rd3 Qb8 23. Qc2 Rc5 24. Nb4 Bxg2 25. Kxg2 Qc8 26. Rc3 e4 27. e3 Rh5 28. h4 Rxh4 29. Rh1 Rxh1 30. Kxh1 Qh3+ 31. Kg1 Re5 32. Nd5 Rh5 33. Qxe4 Qh2+ 34. Kf1 Nd2+ 0-1